Estrutura da Economia Internacional (Registo nº 200990)

Detalhes MARC
000 -Etiqueta do registo
Valores 00716nam 22002173 4500
100 ## - Dados gerais de processamento
Dados gerais 20260305d u||y0pory50 ba
101 ## - Língua de publicação
Língua Português
200 ## - Titulo e menção de responsabilidade
Título próprio Estrutura da Economia Internacional
Primeira menção de responsabilidade Ramón Tamames
Outras menções de responsabilidade Tradução de António Pescada e Manuel J. Palmeirim
205 ## - Menção da edição
Edição 3ª actualizada
210 ## - Publicação
Local de publicação Lisboa
Nome do editor Publicações Dom Quixote
Data de publicação 1979
215 ## - Descrição física 
Paginação / Volumes 391, [1] p.
Outras indicações físicas Brochado
Dimensões 21 cm
225 ## - Colecção 
Título próprio da colecção Universidade Moderna
Indicação de volume 28
606 ## - Nome comum usado como assunto
ID Autoridade 12238
Palavra de ordem Ciências Sociais
Subdivisão assunto Economia Mundial
610 ## - Termos não controlados
Palavra de ordem Comércio externo
675 ## - CDU
Notação 339.5/TAM/EST
Edição PT
Língua por
700 ## - Autor principal (pessoa individual)
ID Autoridade 16658
Apelido Tamames
Nome Ramón
801 ## - Fonte de origem
País PT
Agência BMMN
Regras de catalogação RPC
830 ## - Notas gerais do catalogador
Criado por Carlos Pinto
Data de criação 05-03-2026
Indexado por Carlos Pinto
990 ## - Elementos KOHA
Tipo de documento Livro
Exemplares
Situação do levantamento Biblioteca de origem Código de barras Cota Permissão de empréstimo Tipo de documento Forma de aquisição
  Escola Secundária de Montemor-o-Novo 30254 339.5/TAM/EST   Livro Compra

Powered by Koha